LEADER 01052cam0-2200325---450- 001 990004981070403321 005 20151001095501.0 035 $a000498107 035 $aFED01000498107 035 $a(Aleph)000498107FED01 035 $a000498107 100 $a19990604d1932----km-y1itay50------ba 101 0 $aita 102 $aIT 105 $ay-------001yy 200 1 $aRomānica fragmenta$escritti scelti dall'autore pubblicati a cura dell'Universitā di Padova del reale Istituto veneto dei colleghi, amici e discepoli$fVincenzo Crescini 210 $aTorino$cG. Chiantore$d1932 215 $aXXVII, 606 p.$d26 cm 610 0 $aFilologia romanza$aSaggi 676 $a440.9$v22$zita 700 1$aCrescini,$bVincenzo$0157615 712 02$aUniversitā degli studi di Padova 801 0$aIT$bUNINA$gREICAT$2UNIMARC 901 $aBK 912 $a990004981070403321 952 $a440.9 CRE 1$bIst.Glott. s.i.$fFLFBC 952 $a440.9 CRE 1 Bis$bFil. Mod. 2125$fFLFBC 959 $aFLFBC 996 $aRomanica fragmenta$9137259 997 $aUNINA LEADER 01025nam a2200325 i 4500 001 991001145139707536 005 20020507111855.0 008 970308s1972 us ||| | eng 020 $a0805325115 035 $ab10179926-39ule_inst 035 $aLE00642892$9ExL 040 $aDip.to Fisica$bita 084 $a53.3.1 084 $a53.3.2 084 $a53.3.3 084 $a53.3.4 084 $a539.7'56 084 $aQC794 100 1 $aFeynman, Richard Phillips$046772 245 10$aPhoton-hadron interactions /$cR.P. Feynman 260 $aReading, MA :$bW.A. Benjamin,$c1972 300 $axvi, 282 p. :$bill. ;$c25 cm. 490 0 $aFrontiers in physics / David Pines 650 4$aHadrons 907 $a.b10179926$b17-02-17$c27-06-02 912 $a991001145139707536 945 $aLE006 53.3.3 FEY$g1$i2006000076128$lle006$o-$pE0.00$q-$rl$s- $t0$u1$v0$w1$x0$y.i10220732$z27-06-02 996 $aPhoton-hadron interactions$9189021 997 $aUNISALENTO 998 $ale006$b01-01-97$cm$da $e-$feng$gus $h0$i1 LEADER 01332cam--2200409---450 001 990002029120203316 005 20220118135523.0 035 $a000202912 035 $aUSA01000202912 035 $a(ALEPH)000202912USA01 035 $a000202912 100 $a20040927d1953----km-y0itay0103----ba 101 $aita 102 $aIT 105 $a||||||||001yy 200 1 $aQuo vadis?$fEnrico Sienkiewicz$gtraduzione di Maria Czubek-Grassi, Eridanno Bazzarelli 210 $aMilano$cMondadori$d1953 215 $avolumi$d18 cm 225 2 $aBiblioteca moderna Mondadori 327 1 $a : 301 p.$a : 299 p. 410 0$12001$aBiblioteca moderna Mondadori 676 $a891.8536 700 1$aSIENKIEWICZ,$bEnrico$0470242 702 1$aCZUBEK-GRASSI,$bMaria 702 $aBAZZARELLI,$bEridano$f<1921-2013> 801 0$aIT$bsalbc$gISBD 912 $a990002029120203316 951 $aVIII.2.A. 11/1 (Varie Coll. 36/331-332)$b46753 L.M.$cVIII.2.$d502328 951 $aVIII.2.A. 11/2 (Varie Coll.36/333-334)$b46753 L.M.$cVarie Coll. 959 $aBK 969 $aUMA 979 $aSIAV7$b10$c20040927$lUSA01$h1109 979 $aSIAV7$b10$c20040927$lUSA01$h1114 979 $aSIAV7$b10$c20040927$lUSA01$h1515 979 $aCOPAT3$b90$c20041230$lUSA01$h1259 996 $aQuo vadis$91041410 997 $aUNISA